000 00339 a2200133 4500
001 90470
082 _a954.92051 UMA
090 _c42803
_d42803
100 _aUmair Mahmood Siddiqui
245 _aHum nay pakistan kaisay banaya
_hUrdu
260 _aLahore
_bZavia Publishers
_c2014
300 _a608p.
500 _aGeneral Collection
942 _aCAE NUST
_k954.92051 UMA
999 _c325543
_d325543